Nghệ thuật trồng và tạo dáng bonsai Ôn Châu : Ôn Châu bồn cảnh

שמור ב:
מידע ביבליוגרפי
מחבר ראשי: Hồ, Nhạc Quốc
פורמט: ספר
שפה:Undetermined
יצא לאור: Hà Nội Mỹ THuật 2004
נושאים:
תגים: הוספת תג
אין תגיות, היה/י הראשונ/ה לתייג את הרשומה!
Thư viện lưu trữ: Trung tâm Học liệu Trường Đại học Cần Thơ
LEADER 00614nam a2200205Ia 4500
001 CTU_92954
008 210402s9999 xx 000 0 und d
020 |c 20000 
082 |a 635.9772 
082 |b Qu451 
100 |a Hồ, Nhạc Quốc 
245 0 |a Nghệ thuật trồng và tạo dáng bonsai Ôn Châu : 
245 0 |b Ôn Châu bồn cảnh 
245 0 |c Hồ Nhạc Quốc ; Nguyễn Kim Dân 
260 |a Hà Nội 
260 |b Mỹ THuật 
260 |c 2004 
650 |a Bonsai 
904 |i Minh, QHieu 
980 |a Trung tâm Học liệu Trường Đại học Cần Thơ